000
00160nam a2200061Ia 4500
999
_c
10536
_d
10536
003
OSt
005
20230427084430.0
008
170523s9999 xx 000 0 und d
040
_c
IIMT UNIVERSITY MEERUT
100
_a
LEVINE DAVID M
245
0
_a
STATISTICS MANAGERS
260
_a
NEW DELHI
_b
PHI
_c
2011
300
_a
858
942
_2
ddc
_c
02